000 003400000a22001570004500
005 20120302062315.0
942 _cBOOK
100 _a Garde,Ra.Kru.
245 _a Raktadaabaaawar Maat
260 _aPune:Anant Sadashiv Vaidya,1964.
300 _a88p.
040 _aMAR
650 _aAarogya
650 _aRaktadaab
650 _aUpchaar
999 _c356346
_d356343